10 Most Populous Cities in Minnesota - Statistics

General Stats
  • This quiz has been taken 17 times
    16 since last reset
  • The average score is 5 of 10
Answer Stats
Population City % Correct
423,250 Minneapolis
100%
301,380 St. Paul
100%
87,999 Duluth
88%
86,580 Bloomington
69%
122,692 Rochester
69%
80,619 Brooklyn Park
31%
78,314 Lakeville
25%
80,891 Woodbury
25%
74,876 Blaine
19%
76,546 Plymouth
19%
No matching quizzes found
Score Distribution
Percent of People with Each Score
Percentile by Number Answered
Your Score History
You have not taken this quiz since the last reset